000 01274njm a22002897a 4500
005 20100915115125.0
006 a|||||r|||||00| 0
007 sd ammalaaahaa
008 100910t xxu||||| |||| 00| 0 eng d
028 _aTAE 1352
_bHis Master's Voice
035 _aGR-02722
040 _aSED
_cSED
100 _aMangeshkar, Lata
_919365
245 _aBari Behen /
_csung by Mangeshkar Lata ; Music by Husnlal Bhagatram ; Lyrics by Rajinder Krishan
_h[sound recording] :
246 _aबरी बेहें /
260 _aDum Dum, India
_bHis Master's Voice
_c1967
300 _a1 sound disc [Gramophone Recording] :
_banalog, 33 1/3 rpm ;
_c7.5 in. (SP)
_fGramaphone Records
500 _aBrief records
500 _aRecord Lables : His Master's Voice, Red
505 _aSide-1 चले जाना नह्नी (Chale Jana Nahi) (Lata Mangeshkar),--Side-2 जो दिल में खुशी बनकर आये (Jo Khooshi Bankar Aaye) (Lata Mangeshkar)
600 _aMangeshkar, Lata
_919611
650 _2Excerpts.
_aClassical Music
_bIndia
_919366
700 _aBhagatram, Husnlal
_920137
700 _a Krishan, Rajinder
_920138
942 _2ddc
_cGR
999 _c45882
_d45882